Espai Francesca Bonnemaison
Descripción Física:
1 tríptic ; il. col. ; 21 cm
Idioma:
Catalán
MARC
| LEADER | 00000nam a22000007a 4500 | ||
|---|---|---|---|
| 001 | 27797 | ||
| 003 | Arxiu | ||
| 005 | 20260324181514.0 | ||
| 008 | 230508b spa||||| |||| 00| 0 cat d | ||
| 017 | |a B 21430-2018 | ||
| 040 | |a agdb |b cat | ||
| 110 | |9 55261 |a Barcelona (Catalunya : Província). |b Oficina de Gestió de Recintes | ||
| 245 | |a Espai Francesca Bonnemaison | ||
| 260 | |a Barcelona : |b Diputació de Barcelona. Oficina de Gestió de Recintes ; |c 2018 | ||
| 300 | |a 1 tríptic ; |b il. col. ; |c 21 cm | ||
| 610 | 0 | |9 55959 |a Barcelona (Catalunya : Província). |b Espai Francesca Bonnemaison |x Guies | |
| 710 | |9 54723 |a Barcelona (Catalunya : Província). |b Subdirecció de Logística | ||
| 942 | |2 udc |c ARXIU |n 1 | ||
| 952 | |0 0 |1 0 |2 udc |4 0 |6 FU7538 |7 1 |9 66252 |a Arxiu |b Arxiu |d 2023-05-08 |l 0 |o FU-75-38 |p 27797 |r 2023-05-08 00:00:00 |w 2023-05-08 |y ARXIU | ||
| 999 | |c 83394 |d 83394 | ||